Wheater's functional histology : (Record no. 31639)
[ view plain ]
| 000 -LEADER | |
|---|---|
| fixed length control field | 00958cam1a220026500 4500 |
| 001 - CONTROL NUMBER | |
| control field | lcu00102419 |
| 003 - CONTROL NUMBER IDENTIFIER | |
| control field | DLC |
| 005 - DATE AND TIME OF LATEST TRANSACTION | |
| control field | 20190814092138.0 |
| 008 - FIXED-LENGTH DATA ELEMENTS--GENERAL INFORMATION | |
| fixed length control field | 930303s1993 stk 001 0 eng c |
| 020 ## - INTERNATIONAL STANDARD BOOK NUMBER | |
| International Standard Book Number | 0443046913 |
| 035 ## - SYSTEM CONTROL NUMBER | |
| System control number | (Sirsi) a140831 |
| 050 00 - LIBRARY OF CONGRESS CALL NUMBER | |
| Classification number | QM 551 WHE 1993 |
| 100 1# - MAIN ENTRY--PERSONAL NAME | |
| Personal name | Burkitt, H. George. |
| Linkage | A3047.1 |
| 245 10 - TITLE STATEMENT | |
| Title | Wheater's functional histology : |
| Remainder of title | a text and colour atlas / |
| Statement of responsibility, etc. | H. George Burkitt, Barbara Young and John W. Heath. |
| 250 ## - EDITION STATEMENT | |
| Edition statement | 3rd ed. |
| 260 ## - PUBLICATION, DISTRIBUTION, ETC. | |
| Place of publication, distribution, etc. | Edinburgh : |
| Name of publisher, distributor, etc. | Churchill Livinstone, |
| Date of publication, distribution, etc. | 1993. |
| 500 ## - GENERAL NOTE | |
| General note | Includes index. |
| 500 ## - GENERAL NOTE | |
| General note | Rev. ed. of: Functional histology. 2nd ed. / revised and edited by Paul R. Wheater and H. George Burkitt ; drawings by Philip J. Deakin. 1987. |
| 650 #0 - SUBJECT ADDED ENTRY--TOPICAL TERM | |
| Topical term or geographic name entry element | Histology. |
| Linkage | S2176.1 |
| 650 #0 - SUBJECT ADDED ENTRY--TOPICAL TERM | |
| Topical term or geographic name entry element | Histology -- Atlases. |
| General subdivision | Histology -- Atlases. |
| Linkage | S1226.1 |
| 700 1# - ADDED ENTRY--PERSONAL NAME | |
| Personal name | Young, Barbara |
| Linkage | A114386.1 |
| 700 1# - ADDED ENTRY--PERSONAL NAME | |
| Personal name | Heath, John W. |
| Linkage | A114388.1 |
| 700 ## - ADDED ENTRY--PERSONAL NAME | |
| Personal name | Deakin, Philip J. |
No items available.